Centralized and automatic controls in ships (Record no. 11797)

000 -LEADER
fixed length control field 00406nam a22001577a 4500
008 - FIXED-LENGTH DATA ELEMENTS--GENERAL INFORMATION
fixed length control field 210111b ||||| |||| 00| 0 eng d
082 00 - DEWEY DECIMAL CLASSIFICATION NUMBER
Classification number 623.85
Item number G7781
100 ## - MAIN ENTRY--PERSONAL NAME
9 (RLIN) 4103
Personal name Gray, D.
245 10 - TITLE STATEMENT
Title Centralized and automatic controls in ships
250 ## - EDITION STATEMENT
Edition statement 1st ed.
260 ## - PUBLICATION, DISTRIBUTION, ETC. (IMPRINT)
Place of publication, distribution, etc Oxford
Name of publisher, distributor, etc Pergamon
Date of publication, distribution, etc 1966
300 ## - PHYSICAL DESCRIPTION
Extent ix, 244 p.
365 ## - TRADE PRICE
Unit of pricing 26.00
650 #0 - SUBJECT ADDED ENTRY--TOPICAL TERM
Topical term or geographic name as entry element Ships--Automation
942 ## - ADDED ENTRY ELEMENTS (KOHA)
Item type Books
Holdings
Withdrawn status Lost status Source of classification or shelving scheme Damaged status Not for loan Permanent location Current location Date acquired Source of acquisition Full call number Barcode Date last seen Koha item type
          IMU Kolkata IMU Kolkata 1967-11-09 Eastern book mart 623.85 G7781 03145 2021-01-11 Books
Designed and Maintained by IMU-KC Library, Kolkata Campus © Copyright All Rights Reserved

webs counters

Powered by Koha